| 000 | 00951pam a2200277 a 4500 | ||
|---|---|---|---|
| 001 | 3356 | ||
| 005 | 20240229104333.0 | ||
| 020 | _a9780816727186 | ||
| 040 |
_aDLC _cDLC _dDLC _beng |
||
| 050 | 0 | 0 | _aDT61.D3274 |
| 082 | 0 | 0 | _a932.01 |
| 100 | 1 |
_aDavid, A. Rosalie _q(Ann Rosalie) |
|
| 245 | 1 | 0 |
_aGrowing up in ancient Egypt / _cRosalie David ; illustrated by Angus McBride. |
| 250 | _aThis edition published in 2003 | ||
| 260 |
_a Mahwah : _bTroll Associates, _c1994 |
||
| 300 |
_a32 pages : _bcolor illustrated ; _c24 cm . |
||
| 490 | _a Growing Up In | ||
| 505 | _aZ | ||
| 520 | _aDescribes daily life in ancient Egypt, discussing life in the city, life in the country, pets and toys, meals, and other aspects. | ||
| 521 |
_a930
_bLexile |
||
| 521 |
_aZ
_bRaz-Plus |
||
| 650 |
_aAncient Egypt _vNon-fiction |
||
| 700 | 1 |
_aMcBride, Angus _eillstrator |
|
| 906 |
_a7 _bcbc _corignew _d1 _eocip _f19 _gy-gencatlg |
||
| 942 |
_2ddc _cBK _n0 |
||
| 999 |
_c3356 _d3356 |
||